Statistics for First Countries to Reach 5 Million People

Click here to take the quiz!

General Stats

  • This quiz has been taken 29,024 times
    (28,905 since last reset)
  • The average score is 16 of 20

Answer Stats

Year Country % Correct
2000 B.C.China
99%
2000 B.C.India
96%
1600United Kingdom
96%
1 ADFrance
95%
100 B.C.Italy
94%
1200Russia
94%
1100Germany
93%
200Spain
91%
600Japan
89%
1600Egypt
89%
400Iran
82%
200 B.C.Turkey
81%
800Mexico
75%
1100Pakistan
73%
1000Indonesia
72%
1600Poland
65%
600Bangladesh
57%
1200Nigeria
55%
1400D.R. Congo
42%
1300Peru
41%

Score Distribution

Percentile by Number Answered

Percent of People with Each Score

Your Score History

You have not taken this quiz since the last reset